000 00499nam a2200157 i 4500
001 35682
003 ES-MaACL
005 20230906155203.0
007 t|
008 030213s1929 fr ||||1| fre d
100 1 _aBouard, A de.
_930818
245 1 0 _aManuel de diplomatique française et pontificale
_b: diplomatique generale, avec un album de 54 planches de phototypie /
_cA. de Bouard.
260 _aParís :
_bAuguste Picard,
_c1929.
300 _a2 v. ;
_c23 cm.
852 _aES-MaACL
_jA-715-16
999 _c35682
_d35682